History by Letter 'X' (Multiple Choice) - Statistics

General Stats
  • This quiz has been taken 12 times
  • The average score is 7 of 8
Answer Stats
Question Answer % Correct
Persian king who quit Greece after his general Mardonius' force was whipped at the Battle of Plataea in 479 BC by the Spartan, Pausanias. Xerxes
100%
African tribe of the group, Bantu. Xhosa
100%
Takes pictures of bones etc. X-ray
100%
A musical thingie that is tapped with a thingie to make sound. Xylophone
100%
"In ______ did Kubla Khan A stately pleasure-dome decree..." Xanadu
91%
Greek philosopher. Xenophanes
91%
Photocopiers. Xerox
91%
Australian writer. Wrote 'Capricornia' and 'Poor Fellow My Country'. Xavier Herbert
55%
No matching quizzes found
Score Distribution
Percent of People with Each Score
Percentile by Number Answered
Your Score History
You have not taken this quiz